| 000 | 00540cam a22001697a 4500 | ||
|---|---|---|---|
| 005 | 20260504121226.0 | ||
| 020 | _a9780198075479 | ||
| 041 | _aENG | ||
| 082 |
_a658.4034 _bPRA |
||
| 100 | 1 | _aPai, Pradeep Prabhakar. | |
| 245 | 1 | 0 |
_aOperations research : _bprinciples and practice / _cPradeep Prabhakar Pai. |
| 260 |
_aNew Delhi : _bOxford University Press , _c2012. |
||
| 300 |
_axvi, 827 p. : _bill. ; _c24 cm. |
||
| 504 | _aIncludes bibliographical references (p. [822]-823) and index. | ||
| 650 | 0 | _aOperations research. | |
| 942 |
_2ddc _cBK |
||
| 999 |
_c24332 _d24332 |
||